MDQL
is popping MORE tags! Check the
thread
!
Quizzes
Events
Quiz Creation
Community
Videos
Private Events
Remove Ads
Sign In
Join for FREE
Feedback
Dark Mode
Quiz Categories
Sports
Geography
Music
Movies
Television
Just For Fun
Miscellaneous
History
Literature
Language
Science
Gaming
Entertainment
Religion
Holiday
For Kids
Quiz Lab
Recent
Popular Today
Quiz Kudos Today
Editor Picks
Curator Picks
Quizzes by...
Day
Popularity
Type
Ratings
Length
Year
Community
Subscriptions
Recent Discussions
Orange Saloon
Badges
Playlists
Quests
Create
Leaderboards
Showdown
Live 5
Trivia Bingo
Activity
Puzzle Library
Sporcle Events
Private Events
Virtual Trivia
Globe League
Become a Host
Pub Owners
SporcleCon
Opinionation
Our Games
Videos
Blog
Mobile Apps
Partnerships
Remove Ads and Go Orange
Feedback
Sports
Athletes
MLB
NBA
NHL
NFL
Soccer
Sports Teams
WWE
NCAA
Football
Premier League
Basketball
Baseball
Hockey
Golf
Tennis
Cricket
Rugby
Auto Racing
Olympics
World Cup
Sports
Athletes
MLB
NBA
NHL
NFL
Soccer
Sports Teams
WWE
NCAA
Football
Premier League
Basketball
Baseball
Hockey
Golf
Tennis
Cricket
Rugby
Auto Racing
Olympics
World Cup
Random Quiz
Search Sporcle
×
Quiz Lab
Quiz Lab
Sports
Baseball
Type in answers that appear in a list
Type in answers that appear in a list
Classic
Best Score? Go Orange.
World Series Winner HR Leader Stats
Can you name the World Series Winner HR Leader
By
grays1705
12m
123 Questions
184 Plays
184 Plays
184 Plays
Comments
Comments
Give Quiz Kudos
Give Quiz Kudos
-
- Ratings
hide this ad
More Info
Replay
Link that replays current quiz
Next Quiz
Link to next quiz in quiz playlist
You Got
0%
They Got
Avg Score
61%
Avg Friend Score
Upgrade to see
Score Distribution
Jump to the score distribution portion of the page
Score
0/123
Timer
12:00
0
Plays Today
Year
Player
% Correct
1932
Babe Ruth
94%
1928
Babe Ruth
94%
1927
Babe Ruth
94%
1923
Babe Ruth
94%
1918
Babe Ruth
94%
1916
Babe Ruth
94%
1915
Babe Ruth
94%
2013
David Ortiz
93.5%
2008
Ryan Howard
93.5%
2007
David Ortiz
93.5%
1963
Frank Howard
93.5%
2011
Albert Pujols
92.9%
2006
Albert Pujols
92.9%
1958
Mickey Mantle
92.9%
1956
Mickey Mantle
92.9%
1978
Reggie Jackson
91.3%
1974
Reggie Jackson
91.3%
1973
Reggie Jackson
91.3%
2004
Manny Ramirez
90.2%
2001
Luis Gonzalez
90.2%
1962
Roger Maris
90.2%
1961
Roger Maris
90.2%
1966
Frank Robinson
89.7%
1950
Joe DiMaggio
89.1%
1947
Joe DiMaggio
89.1%
1939
Joe DiMaggio
89.1%
1938
Joe DiMaggio
89.1%
1937
Joe DiMaggio
89.1%
2014
Buster Posey
88.8%
1936
Lou Gehrig
87.5%
1993
Joe Carter
87%
1992
Joe Carter
87%
2000
Bernie Williams
86.4%
1996
Bernie Williams
86.4%
2012
Buster Posey
85.3%
1989
Mark McGwire
84.8%
1979
Willie Stargell
84.8%
1975
Johnny Bench
84.8%
1971
Willie Stargell
84.8%
1980
Mike Schmidt
83.7%
2009
Mark Teixeira
83.2%
Year
Player
% Correct
1999
Tino Martinez
82.6%
1998
Tino Martinez
82.6%
2005
Paul Konerko
82.1%
1955
Duke Snider
82.1%
1953
Yogi Berra
82.1%
1952
Yogi Berra
82.1%
1951
Yogi Berra
82.1%
1954
Willie Mays
81%
1983
Eddie Murray
80.4%
1957
Henry Aaron
79.3%
1986
Darryl Strawberry
78.8%
2016
Kris Bryant
78.4%
1988
Kirk Gibson
78.3%
2002
Troy Glaus
77.7%
1906
Fielder Jones
76.1%
1976
George Foster
74.5%
1987
Kent Hrbek
73.9%
1930
Jimmie Foxx
72.8%
1935
Hank Greenberg
72.3%
1933
Mel Ott
72.3%
1978
Graig Nettles
71.7%
1977
Graig Nettles
71.7%
1970
Boog Powell
70.1%
1991
Chili Davis
66.8%
2015
Mike Moustakas
66.3%
1995
Fred McGriff
64.7%
1985
Steve Balboni
62%
1929
Al Simmons
59.8%
1913
Home Run Baker
59.2%
1911
Home Run Baker
59.2%
2010
Aubrey Huff
57.6%
1965
Lou Johnson
57.6%
1959
Gil Hodges
56.5%
2003
Mike Lowell
56%
2015
Kendrys Morales
55%
1990
Chris Sabo
54.3%
1981
Ron Cey
53.3%
1964
Ken Boyer
53.3%
1967
Orlando Cepeda
52.2%
1984
Lance Parrish
51.6%
1968
Willie Horton
51.6%
Year
Player
% Correct
1946
Enos Slaughter
51.1%
1942
Enos Slaughter
51.1%
1912
Tris Speaker
49.5%
1920
Elmer Smith
46.7%
1969
Tommie Agee
45.1%
1934
Ripper Collins
44%
1997
Moises Alou
43.5%
1982
George Hendrick
41.3%
1943
Charlie Keller
40.8%
1941
Charlie Keller
40.8%
1948
Joe Gordon
37.5%
1926
Jim Bottomley
37.5%
1908
Joe Tinker
37%
1949
Tommy Henrich
36.4%
1907
Johnny Evers
36.4%
1925
Kiki Cuyler
33.7%
1924
Goose Goslin
33.7%
1960
Dick Stuart
33.2%
1922
High Pockets Kelly
32.6%
1921
High Pockets Kelly
32.6%
1945
Rudy York
31%
1972
Mike Epstein
27.7%
1931
Chick Hafey
27.7%
1965
Jim Lefebvre
26.6%
1940
Frank McCormick
25.5%
1903
Buck Freeman
23.4%
1944
Whitey Kurowski
22.3%
1917
Happy Felsch
20.7%
1916
Tillie Walker
20.7%
1925
Glenn Wright
18.5%
1919
Heinie Groh
17.9%
1905
Mike Donlin
17.9%
1909
Tommy Leach
16.3%
1905
Bill Dahlen
15.8%
1910
Danny Murphy
15.2%
1907
Frank Schulte
13.6%
1945
Roy Cullenbine
12.5%
1916
Del Gainer
12.5%
1910
Rube Oldring
11.4%
1914
Joe Connolly
8.7%
1906
Billy Sullivan
8.7%
Quiz Playlist
Details
Report
Send in Message
Add To Playlist
More Info:
Name the Regular Season HR Leader for the World Series winning team. * Hall of Famer.
Classic:
Type in answers that appear in a list
Last Updated: Feb 16, 2017
Quiz Scoreboard
CHALLENGE
Sign Up to Join the Scoreboard
Show All
Scores
Hide
Comments
May contain spoilers
Recently Published
Two Season TV Shows II
by 123Four
Television
10m
Image Sorting: Flags VI
by Barbecue
Geography
2m
Find the 'City' Movie
by crazypaving
Movies
60s
More to Explore
Quiz From the Vault
Featured Blog Post
14 Easter Pick-up Lines to Find Eggs With
hide this ad
You Might Also Like...
Tags
Baseball Quiz
MLB Quiz
Home Runs
World Series
Today's Top Quizzes in Sports
Browse Sports
hide this ad
Today's Top Quizzes in Baseball
Browse Baseball
Top Contributed Quizzes in Sports
1
Les meilleurs buteurs des matchs entre le PSG et l’OM
2
Les entraîneurs de l'OM et du PSG au 21e siècle
3
2022 World Cup Stars
4
Les joueurs passés par le PSG et l'OM
5
Players with Multiple 50 Home Run Seasons
6
FIFA Club World Cup Champions
7
Criteria MLB: Left Handed Sluggers
8
Les joueurs passés par le LOSC et le RC Lens
9
Top 10 NHL Goal Scorers of All Time
10
MLB Players with Two .350 Batting Average Seasons
Explore More
Trending Topics
Disney
Marvel
NBA
Kpop
Anime
Harry Potter
Crossword
NFL
The Office
Puzzle
WWE
Soccer
Country
Song
Pokémon
hide this ad
More By:
grays1705
Quiz
Plays
Rating
Category
Featured
Created
MLB Top 25 in Hitting
127,656
4.60
Sports
Mar 7, 2011
NFL QB 10 Win Seasons
69,521
4.70
Sports
Feb 1, 2016
NHL Yearly Top 5 Goals Since Expansion
7,461
4.60
Sports
Mar 26, 2012
NHL Yearly Top 5 Goalie Wins Since Expansion
6,676
4.50
Sports
Mar 27, 2012
MLB 100 RBIs 1970s
6,401
4.77
Sports
Aug 26, 2015
Go to Creator's Profile
Score Distribution
Quiz Creator Spotlight
grays1705
Follow
Send a Message
Quizzes Created
-
Created Quiz Play Count
-
More By This Creator
Popular Quizzes Today
1
Find the US States - No Outlines Minefield
2
Colored Red Africa Blitz
3
Find the 'City' Movie
4
5x2 Blitz: Bands
5
The Countries of the World
6
Find the Countries of Europe - No Outlines Minefield
7
Find the US States
8
US States
More Sports Quizzes
Click the clubs of Johan Cruyff
Quiz Lab
Trending Quizzes
Colored Red Europe Blitz I
Colored Red Africa Blitz II
Colored Red Europe Blitz II
Colored Red Africa Blitz III
Even More Two Season TV Shows
Recently Updated
March Madness Men's Triple Doubles
pecheneg
How Do You Spell That?
pecheneg
Godzilla Movies
pecheneg
Grab Bag: 4-10 Letters
pecheneg
2024 March Madness Bracket
pecheneg
Famous TV Couples
Peacemaker
Champions League XIs: Real Madrid
pecheneg
Largest US Cities 1790-2010
pecheneg
Rides in Walt Disney World
pecheneg
Most Oscar Losses (Acting)
pecheneg
Trending Topics
Harry Potter
NBA
Disney
Anime
Marvel
Crossword
Kpop
Soccer
Song
Country
Pokémon
NFL
Puzzle
The Office
WWE
Your Account Isn't Verified!
In order to create a playlist on Sporcle, you need to verify the email address you used during registration. Go to your
Sporcle Settings
to finish the process.
Report this User
Report this user for behavior that violates our
Community Guidelines
.
Details:
Send Report
Go to the Sporcle.com Mobile Site →
Comments